00341 2200145 4500001002100000005001500021035002000036245004100056100001600097300001200113260002400125082000800149084001400157990002400171INLIS00000000000214120250527113148 a0010-05250004331 aSukses Melatih Renang /cDick Hanula0 aDick Hanula a178 hlm bInsan Madani,c2008 a700 a700 DIC s a0713137 s/d 0713138